| 000 | 00782nam a22002177a 4500 | ||
|---|---|---|---|
| 999 |
_c63733 _d63733 |
||
| 005 | 20240530110656.0 | ||
| 008 | 171219s2016 ua a a 000 j ara d | ||
| 017 |
_a2003/16392 _bمصر. دار الكتب |
||
| 020 | _a9789771424602 | ||
| 040 |
_aEG-CaGPL _cEG-CaGPL |
||
| 082 | 0 | 4 |
_221 _a813.088 _bط/و أ |
| 100 | 0 | _aوليد محمد محمد هلال | |
| 245 | 1 | 0 |
_aاشياء فى حياة الانبياء / _bبقلم وليد محمد محمد هلال ؛ لوحات محمود الهندى |
| 250 | _aط.1 | ||
| 260 |
_aالقاهرة : _bدار نهضة مصر للنشر ، _c2016 . |
||
| 300 |
_a38 ص. ؛ _c28 سم. |
||
| 650 | 0 | 7 |
_2qrmak _aالقصص الدينية |
| 651 | _2qrmak | ||
| 942 |
_2ddc _cBK |
||